[Event "Chigorin Memorial 06th"]
[Site "St Petersburg"]
[Date "1998.11.07"]
[Round "7"]
[White "Ivanov, Sergey"]
[Black "Kuzuev, Danil"]
[Result "1/2-1/2"]
[WhiteElo "2550"]
[BlackElo "2350"]
[PlyCount "87"]
[EventDate "1998.10.31"]
[EventType "swiss"]
[EventRounds "9"]
[EventCountry "RUS"]
[SourceTitle "CBM 067 Extra"]
[Source "ChessBase"]
[SourceDate "1999.01.01"]
[SourceVersion "1"]
[SourceVersionDate "1999.01.01"]
[SourceQuality "1"]

1. d4 Nf6 2. c4 c5 3. d5 d6 4. Nc3 g6 5. e4 Bg7 6. Bd3 0-0 7. h3 e6 8. Nf3 exd5 9. exd5 Re8+ 10. Be3 a6 11. a4 Nbd7 12. 0-0 Nh5 13. Qd2 f5 14. Bg5 Qc7 15. Rfe1 Ne5 16. Be2 Nf7 17. Be3 Nf6 18. Ng5 Ne5 19. Rad1 Bd7 20. Bf4 Re7 21. Bxe5 Rxe5 22. f4 Re7 23. Bf3 Rae8 24. Rxe7 Rxe7 25. Re1 Rxe1+ 26. Qxe1 Qd8 27. Ne6 Qe7 28. a5 Ne8 29. Kf1 Bf6 30. Qd1 Ng7 31. Qb3 Be8 32. g4 h6 33. Nd1 Kh8 34. Ne3 fxg4 35. hxg4 Nxe6 36. dxe6 Qxe6 37. Bd5 Ba4 38. Qd3 Qe8 39. b3 Bc6 40. Bxc6 bxc6 41. Qxd6 Bd4 42. Nc2 Qe4 43. Nxd4 cxd4 44. Qf8+ 1/2-1/2

[Event "Chigorin Memorial 06th"]
[Site "St Petersburg"]
[Date "1998.11.03"]
[Round "4"]
[White "Zvereva, Marija"]
[Black "Kuzuev, Danil"]
[Result "1/2-1/2"]
[WhiteElo "2200"]
[BlackElo "2350"]
[PlyCount "65"]
[EventDate "1998.10.31"]
[EventType "swiss"]
[EventRounds "9"]
[EventCountry "RUS"]
[SourceTitle "CBM 067 Extra"]
[Source "ChessBase"]
[SourceDate "1999.01.01"]
[SourceVersion "1"]
[SourceVersionDate "1999.01.01"]
[SourceQuality "1"]

1. e4 c5 2. Nf3 e6 3. Nc3 a6 4. d3 Nc6 5. g3 d6 6. Bg2 Nge7 7. 0-0 g6 8. Be3 Bg7 9. Qd2 e5 10. Bh6 0-0 11. Bxg7 Kxg7 12. Ne1 f6 13. f4 Be6 14. Nf3 Qd7 15. Rae1 b5 16. a3 Nd4 17. Nd1 Rae8 18. c3 Nxf3+ 19. Bxf3 exf4 20. Qxf4 d5 21. exd5 Nxd5 22. Qd2 f5 23. Ne3 Nf6 24. Ng2 Bd5 25. Bxd5 Qxd5 26. Nf4 Qd6 27. Qg2 Kg8 28. Qf3 Ng4 29. Kg2 Ne5 30. Qd5+ Qxd5+ 31. Nxd5 Kf7 32. Nc7 Re7 33. Nd5 1/2-1/2

[Event "Chigorin Memorial 06th"]
[Site "St Petersburg"]
[Date "1998.11.01"]
[Round "2"]
[White "Rogovoi, Mark"]
[Black "Kuzuev, Danil"]
[Result "1-0"]
[WhiteElo "2225"]
[BlackElo "2350"]
[PlyCount "119"]
[EventDate "1998.10.31"]
[EventType "swiss"]
[EventRounds "9"]
[EventCountry "RUS"]
[SourceTitle "CBM 067 Extra"]
[Source "ChessBase"]
[SourceDate "1999.01.01"]
[SourceVersion "1"]
[SourceVersionDate "1999.01.01"]
[SourceQuality "1"]

1. e4 c5 2. Nf3 e6 3. d4 cxd4 4. Nxd4 a6 5. Nc3 Qc7 6. Be2 Nf6 7. 0-0 Bb4 8. Qd3 Nc6 9. Nxc6 bxc6 10. Bg5 d5 11. f4 Bb7 12. f5 0-0 13. Bxf6 gxf6 14. Rf3 Qe5 15. exd5 exd5 16. Rh3 Rfe8 17. Bf1 Bc8 18. Rh5 Qe3+ 19. Qxe3 Rxe3 20. Na4 Rb8 21. Bd3 Bd6 22. Kf2 Re5 23. a3 c5 24. b3 Bd7 25. Nc3 Bc6 26. Bxa6 c4 27. b4 Rb6 28. b5 Bc5+ 29. Kf1 Bd4 30. bxc6 Rxa6 31. Rb1 Rxc6 32. Nb5 Bb6 33. c3 Kg7 34. Rd1 Rc5 35. a4 Rc8 36. g4 Ra8 37. Ra1 Re3 38. g5 Rf3+ 39. Kg2 Rf2+ 40. Kg3 Rxf5 41. gxf6+ Kg6 42. Rxf5 Kxf5 43. Kf3 Kxf6 44. h4 Kf5 45. Rd1 Ke6 46. Ra1 Kd7 47. Kf4 Kc6 48. Kf5 Rg8 49. Kf6 Rg4 50. h5 Rh4 51. Kg5 Rh2 52. Rf1 Be3+ 53. Kg4 Ra2 54. Rf6+ Kc5 55. Nc7 d4 56. Na6+ Kd5 57. Nb4+ Ke5 58. Rf5+ Ke6 59. Nxa2 d3 60. Rf1 1-0

[Event "RUS-ch51"]
[Site "St Petersburg"]
[Date "1998.07.31"]
[Round "4"]
[White "Kuzuev, Danil"]
[Black "Karpatchev, Aleksandr"]
[Result "1/2-1/2"]
[WhiteElo "2350"]
[BlackElo "2515"]
[PlyCount "104"]
[EventDate "1998.07.28"]
[EventType "swiss"]
[EventRounds "11"]
[EventCountry "RUS"]
[SourceTitle "CBM 067"]
[Source "ChessBase"]
[SourceDate "1998.11.30"]
[SourceVersion "2"]
[SourceVersionDate "1998.11.01"]
[SourceQuality "1"]

1. e4 e5 2. Nf3 Nc6 3. Bb5 Nf6 4. 0-0 Nxe4 5. d4 Nd6 6. Bxc6 dxc6 7. dxe5 Nf5 8. Qxd8+ Kxd8 9. Nc3 Ke8 10. Rd1 a5 11. Bf4 Be6 12. Ne4 a4 13. Nfg5 Bd5 14. Nc3 h6 15. Nxd5 cxd5 16. Nf3 c6 17. g4 Ne7 18. Nd4 h5 19. h3 hxg4 20. hxg4 Ng6 21. Bg3 Nh4 22. c3 Bc5 23. Rd3 Kd7 24. Re1 Rae8 25. b4 axb3 26. Nxb3 Bb6 27. c4 Ke6 28. cxd5+ cxd5 29. Rb1 Re7 30. Nd2 Ba5 31. Ne4 Nf3+ 32. Rxf3 dxe4 33. Ra3 b6 34. Re3 f5 35. exf6 Kxf6 36. Rb5 Kg6 37. Re5 Rxe5 38. Bxe5 Re8 39. Rxe4 Bc3 40. f4 Bxe5 41. fxe5 b5 42. Kf2 Kf7 43. Kf3 Ra8 44. Rb4 Rxa2 45. Rxb5 Ra4 46. Rb6 Ke7 47. g5 Rc4 48. g6 Ra4 49. Rb7+ Ke6 50. Rxg7 Kxe5 51. Rf7 Ra6 52. g7 Rg6 1/2-1/2

[Event "RUS-ch51"]
[Site "St Petersburg"]
[Date "1998.07.29"]
[Round "2"]
[White "Kuzuev, Danil"]
[Black "Sveshnikov, Evgeny"]
[Result "0-1"]
[WhiteElo "2350"]
[BlackElo "2575"]
[PlyCount "92"]
[EventDate "1998.07.28"]
[EventType "swiss"]
[EventRounds "11"]
[EventCountry "RUS"]
[SourceTitle "CBM 067"]
[Source "ChessBase"]
[SourceDate "1998.11.30"]
[SourceVersion "2"]
[SourceVersionDate "1998.11.01"]
[SourceQuality "1"]

1. e4 c5 2. f4 d5 3. Nc3 Nf6 4. e5 d4 5. exf6 dxc3 6. fxg7 cxd2+ 7. Qxd2 Qxd2+ 8. Bxd2 Bxg7 9. 0-0-0 Nc6 10. Bb5 Bd7 11. Be3 a6 12. Bc4 Nd4 13. c3 Rc8 14. Nf3 Bg4 15. Rdf1 Bxf3 16. gxf3 Nf5 17. Bd2 Nd6 18. Bd3 f5 19. Bc2 e6 20. Rd1 Ke7 21. Rhe1 Rhg8 22. Re2 Bf8 23. Bb3 Rg6 24. Be3 Rc6 25. Kb1 Rh6 26. Bg1 Kd7 27. a4 c4 28. Bc2 b6 29. Bd4 Rh3 30. b4 Rxf3 31. b5 axb5 32. axb5 Rc8 33. Red2 Ke8 34. Bxb6 Ne4 35. Bxe4 fxe4 36. Rd8+ Rxd8 37. Rxd8+ Kf7 38. Bd4 Bh6 39. b6 Bxf4 40. b7 e3 41. Bxe3 Rxe3 42. Rd4 Bxh2 43. Rh4 Bd6 44. Rxc4 Re5 45. Rb4 Bb8 46. c4 Ke7 0-1

[Event "RUS-ch sf"]
[Site "Pskov"]
[Date "1998.??.??"]
[Round "7"]
[White "Fedoseev, Vladimir"]
[Black "Kuzuev, Danil"]
[Result "0-1"]
[WhiteElo "2375"]
[BlackElo "2300"]
[PlyCount "76"]
[EventDate "1998.??.??"]
[EventType "swiss"]
[EventRounds "11"]
[EventCountry "RUS"]
[SourceTitle "EXT 2000"]
[Source "ChessBase"]
[SourceDate "1999.11.16"]
[SourceVersion "1"]
[SourceVersionDate "1999.11.16"]
[SourceQuality "1"]

1. d4 Nf6 2. Bg5 Ne4 3. Bf4 c5 4. f3 Nf6 5. dxc5 Qa5+ 6. Nc3 Qxc5 7. e4 d6 8. Qd2 a6 9. Bd3 Nc6 10. Nge2 e6 11. Be3 Qa5 12. Nd4 Bd7 13. Nxc6 Bxc6 14. 0-0-0 Be7 15. Kb1 Nd7 16. h4 Bf6 17. Nd5 Bd8 18. Nb4 Rc8 19. c3 Be7 20. Bg5 f6 21. Be3 Ba4 22. Bc2 Bxc2+ 23. Nxc2 Ne5 24. Nd4 Nc4 25. Qf2 Kf7 26. Bc1 Qc5 27. Qe2 b5 28. f4 b4 29. cxb4 Qxb4 30. Ka1 e5 31. fxe5 Nxe5 32. Rh3 Qxd4 33. g4 Qc4 34. Qe1 Nxg4 35. h5 Rhe8 36. Bf4 Bf8 37. Qg1 Ne5 38. Qg2 Qc2 0-1

[Event "RUS-ch sf"]
[Site "Pskov"]
[Date "1998.??.??"]
[Round "2"]
[White "Kuzuev, Danil"]
[Black "Alavkin, Arseny Nailievich"]
[Result "0-1"]
[WhiteElo "2300"]
[BlackElo "2440"]
[PlyCount "80"]
[EventDate "1998.??.??"]
[EventType "swiss"]
[EventRounds "11"]
[EventCountry "RUS"]
[SourceTitle "EXT 2000"]
[Source "ChessBase"]
[SourceDate "1999.11.16"]
[SourceVersion "1"]
[SourceVersionDate "1999.11.16"]
[SourceQuality "1"]

1. e4 c6 2. d4 d5 3. exd5 cxd5 4. c3 Nc6 5. Bd3 Nf6 6. Bf4 e6 7. Nf3 Bd6 8. Bxd6 Qxd6 9. 0-0 0-0 10. Re1 Nd7 11. Nbd2 h6 12. Qe2 a6 13. a4 b6 14. Ne5 Ndxe5 15. dxe5 Qe7 16. Qh5 Qg5 17. Qxg5 hxg5 18. h3 f6 19. Nf3 Kf7 20. Rad1 Bb7 21. c4 Nb4 22. cxd5 Bxd5 23. Be4 Rac8 24. Rd4 Nc2 25. Bxc2 Rxc2 26. Rb4 Bxf3 27. gxf3 Rc6 28. Re3 Rd8 29. Reb3 Rc1+ 30. Kg2 Rd2 31. exf6 Rcc2 32. Kg3 Rxf2 33. Kg4 Rg2+ 34. Kh5 g6+ 35. Kh6 Rc8 36. Kh7 Kxf6 37. f4 g4 38. Re4 Rh2 39. Rxe6+ Kxe6 40. Rxb6+ Kf5 0-1

[Event "RUS-ch sf"]
[Site "Pskov"]
[Date "1998.??.??"]
[Round "8"]
[White "Kuzuev, Danil"]
[Black "Totsky, Leonid"]
[Result "1/2-1/2"]
[WhiteElo "2300"]
[BlackElo "2490"]
[PlyCount "69"]
[EventDate "1998.??.??"]
[EventType "swiss"]
[EventRounds "11"]
[EventCountry "RUS"]
[SourceTitle "EXT 2000"]
[Source "ChessBase"]
[SourceDate "1999.11.16"]
[SourceVersion "1"]
[SourceVersionDate "1999.11.16"]
[SourceQuality "1"]

1. e4 e6 2. Nf3 d5 3. Nc3 Nf6 4. e5 Nfd7 5. Ne2 c5 6. c3 b6 7. d4 Ba6 8. g3 Nc6 9. Bg2 cxd4 10. cxd4 Nb4 11. 0-0 Qc7 12. Ne1 Rc8 13. Bf4 Be7 14. a3 Nc6 15. Nf3 0-0 16. b4 Bc4 17. Rb1 b5 18. Re1 Qb6 19. h4 Rfe8 20. Bg5 Bf8 21. Bc1 a5 22. bxa5 Qxa5 23. Nf4 Qa4 24. Qxa4 bxa4 25. Rb7 Red8 26. Bh3 Ba6 27. Rxd7 Rxd7 28. Nxe6 Ra7 29. Nc5 Nxd4 30. Nxd4 Rxc5 31. e6 Bc8 32. Be3 Rb7 33. exf7+ Rxf7 34. Bg2 Rf6 35. Rb1 1/2-1/2

[Event "RUS-ch sf"]
[Site "Pskov"]
[Date "1998.??.??"]
[Round "4"]
[White "Kuzuev, Danil"]
[Black "Varavin, Viktor"]
[Result "1-0"]
[WhiteElo "2300"]
[BlackElo "2445"]
[PlyCount "61"]
[EventDate "1998.??.??"]
[EventType "swiss"]
[EventRounds "11"]
[EventCountry "RUS"]
[SourceTitle "EXT 2000"]
[Source "ChessBase"]
[SourceDate "1999.11.16"]
[SourceVersion "1"]
[SourceVersionDate "1999.11.16"]
[SourceQuality "1"]

1. e4 e5 2. Nf3 Nc6 3. Bb5 a6 4. Bxc6 dxc6 5. 0-0 Ne7 6. Nxe5 Qd4 7. Qh5 g6 8. Qg5 Bg7 9. Nd3 f5 10. e5 c5 11. b3 h6 12. Qe3 f4 13. Qxd4 cxd4 14. Nxf4 Bxe5 15. d3 Kf7 16. Ne2 Nd5 17. Bb2 c5 18. Nd2 Bf5 19. Ne4 Nb4 20. a3 Nxc2 21. Rac1 Bxe4 22. dxe4 d3 23. Bxe5 Rhe8 24. Nf4 Rad8 25. Bc7 d2 26. Rcd1 Rd4 27. Ba5 Rexe4 28. Bxd2 Nxa3 29. Be3 Rxd1 30. Rxd1 Nc2 31. Rd7+ 1-0

[Event "Moscow Petrosian Memorial U18"]
[Site "Moscow"]
[Date "1998.??.??"]
[Round "?"]
[White "Uchitel, Stas"]
[Black "Kuzuev, Danil"]
[Result "0-1"]
[WhiteElo "2120"]
[BlackElo "2300"]
[PlyCount "54"]
[EventDate "1998.??.??"]
[EventType "swiss"]
[EventRounds "9"]
[EventCountry "RUS"]
[SourceTitle "EXT 1999"]
[Source "ChessBase"]
[SourceDate "1998.11.16"]
[SourceVersion "1"]
[SourceVersionDate "1998.11.16"]
[SourceQuality "1"]

1. d4 Nf6 2. c4 c5 3. d5 d6 4. Nc3 g6 5. Nf3 Bg7 6. e4 0-0 7. Be2 Na6 8. 0-0 Nc7 9. h3 Rb8 10. Be3 a6 11. Qc2 b5 12. cxb5 axb5 13. Nd2 Ba6 14. Nd1 e6 15. dxe6 Nxe6 16. Nb3 Nd7 17. Qd2 Ne5 18. Bh6 Nc4 19. Qc1 Bxh6 20. Qxh6 Qf6 21. Nc3 Qf4 22. Qxf4 Nxf4 23. Rab1 b4 24. Bxc4 Bxc4 25. Nd5 Nxd5 26. exd5 Bxf1 27. Kxf1 Ra8 0-1